[Event "Team Championship (men blitz)"]
[Site "Sochi"]
[Date "2017.10.05"]
[Round "13.23"]
[White "Predke, Alexandr"]
[Black "Rudenko, Eugeny"]
[Result "1-0"]
[LiveChessVersion "1.4.8"]
[BlackElo "2108"]
[WhiteElo "2528"]

1. e4 {[%clk 0:03:00]} c5 {[%clk 0:03:04]} 2. Nf3 {[%clk 0:03:01]} d6
{[%clk 0:03:05]} 3. d4 {[%clk 0:03:02]} cxd4 {[%clk 0:03:06]} 4. Nxd4
{[%clk 0:03:04]} Nf6 {[%clk 0:03:07]} 5. Nc3 {[%clk 0:03:05]} a6 {[%clk 0:03:08]}
6. Be2 {[%clk 0:03:06]} e5 {[%clk 0:03:09]} 7. Nf3 {[%clk 0:03:07]} Qc7
{[%clk 0:03:06]} 8. Bg5 {[%clk 0:03:07]} Nbd7 {[%clk 0:03:07]} 9. a4
{[%clk 0:03:05]} Be7 {[%clk 0:03:05]} 10. Nd2 {[%clk 0:03:04]} h6
{[%clk 0:03:03]} 11. Bh4 {[%clk 0:03:03]} g5 {[%clk 0:02:40]} 12. Bg3
{[%clk 0:03:04]} Nc5 {[%clk 0:02:41]} 13. a5 {[%clk 0:03:01]} h5 {[%clk 0:02:40]}
14. h4 {[%clk 0:03:00]} g4 {[%clk 0:02:40]} 15. Bc4 {[%clk 0:02:45]} Be6
{[%clk 0:02:41]} 16. Qe2 {[%clk 0:02:30]} Qc6 {[%clk 0:02:22]} 17. b3
{[%clk 0:02:04]} Bxc4 {[%clk 0:02:12]} 18. Qxc4 {[%clk 0:02:04]} Ne6
{[%clk 0:02:11]} 19. Nd5 {[%clk 0:01:47]} Nxd5 {[%clk 0:02:02]} 20. exd5
{[%clk 0:01:48]} Qxc4 {[%clk 0:02:03]} 21. Nxc4 {[%clk 0:01:49]} Nd4
{[%clk 0:02:01]} 22. O-O-O {[%clk 0:01:29]} Ne2+ {[%clk 0:01:26]} 23. Kb2
{[%clk 0:01:30]} f5 {[%clk 0:01:19]} 24. Rhe1 {[%clk 0:01:31]} Nxg3
{[%clk 0:01:15]} 25. fxg3 {[%clk 0:01:32]} O-O {[%clk 0:01:12]} 26. Nb6
{[%clk 0:01:23]} Rad8 {[%clk 0:01:09]} 27. c4 {[%clk 0:01:24]} f4
{[%clk 0:01:09]} 28. gxf4 {[%clk 0:01:24]} Rxf4 {[%clk 0:01:07]} 29. Re2
{[%clk 0:01:12]} Bxh4 {[%clk 0:01:00]} 30. Rh1 {[%clk 0:01:12]} g3
{[%clk 0:00:59]} 31. c5 {[%clk 0:01:10]} Rf2 {[%clk 0:00:53]} 32. Rc2
{[%clk 0:01:02]} Bf6 {[%clk 0:00:51]} 33. c6 {[%clk 0:01:01]} bxc6
{[%clk 0:00:43]} 34. dxc6 {[%clk 0:01:02]} e4+ {[%clk 0:00:40]} 35. Kb1
{[%clk 0:01:02]} Rxc2 {[%clk 0:00:20]} 36. Kxc2 {[%clk 0:01:02]} Bd4
{[%clk 0:00:21]} 37. c7 {[%clk 0:01:00]} Bxb6 38. axb6 {[%clk 0:01:00]} 1-0

[Event "Team Championship (men blitz)"]
[Site "Sochi"]
[Date "2017.10.05"]
[Round "13.25"]
[White "Tsvetkov, Andrey"]
[Black "Grachev, Boris"]
[Result "0-1"]
[LiveChessVersion "1.4.8"]
[BlackElo "2625"]
[WhiteElo "2120"]

1. d4 {[%clk 0:03:03]} Nf6 {[%clk 0:03:03]} 2. c4 {[%clk 0:03:05]} b6
{[%clk 0:03:04]} 3. Nc3 {[%clk 0:03:05]} Bb7 {[%clk 0:03:05]} 4. Nf3
{[%clk 0:03:05]} e6 {[%clk 0:03:03]} 5. a3 {[%clk 0:03:06]} g6 {[%clk 0:03:03]}
6. g3 {[%clk 0:03:07]} Bg7 {[%clk 0:03:04]} 7. Bg2 {[%clk 0:03:08]} O-O
{[%clk 0:03:04]} 8. O-O {[%clk 0:03:09]} Ne4 {[%clk 0:03:04]} 9. Bd2
{[%clk 0:03:06]} d6 {[%clk 0:03:02]} 10. Qc2 {[%clk 0:02:43]} Nxd2
{[%clk 0:02:58]} 11. Qxd2 {[%clk 0:02:44]} Nd7 {[%clk 0:02:54]} 12. Rad1
{[%clk 0:02:39]} Qe7 {[%clk 0:02:47]} 13. d5 {[%clk 0:02:35]} e5 {[%clk 0:02:36]}
14. e4 {[%clk 0:02:26]} h6 {[%clk 0:02:27]} 15. Nh4 {[%clk 0:01:52]} Kh7
{[%clk 0:02:26]} 16. Qc2 {[%clk 0:01:46]} a5 {[%clk 0:02:24]} 17. b3
{[%clk 0:01:40]} Nf6 {[%clk 0:02:08]} 18. Rde1 {[%clk 0:01:27]} Bc8
{[%clk 0:01:51]} 19. h3 {[%clk 0:01:11]} Nh5 {[%clk 0:01:47]} 20. Kh2
{[%clk 0:01:05]} Nf4 {[%clk 0:01:43]} 21. Qd2 {[%clk 0:00:39]} Bd7
{[%clk 0:01:37]} 22. Re3 {[%clk 0:00:25]} h5 {[%clk 0:01:31]} 23. Ree1
{[%clk 0:00:24]} Bh6 {[%clk 0:01:30]} 24. Qd1 {[%clk 0:00:21]} Rae8
{[%clk 0:01:11]} 25. Ne2 {[%clk 0:00:18]} Nxg2 {[%clk 0:01:06]} 26. Nxg2
{[%clk 0:00:19]} Qd8 {[%clk 0:01:00]} 27. Nc3 {[%clk 0:00:17]} Qc8
{[%clk 0:00:56]} 28. h4 {[%clk 0:00:18]} Bh3 {[%clk 0:00:46]} 29. Qe2
{[%clk 0:00:12]} Re7 {[%clk 0:00:43]} 30. Qd1 {[%clk 0:00:12]} Bg4
{[%clk 0:00:38]} 31. Qd3 {[%clk 0:00:11]} Bd7 {[%clk 0:00:31]} 32. Qd1
{[%clk 0:00:12]} f6 {[%clk 0:00:26]} 33. Qe2 {[%clk 0:00:11]} Ref7
{[%clk 0:00:26]} 34. f4 {[%clk 0:00:11]} Bg4 {[%clk 0:00:27]} 35. Qd3
{[%clk 0:00:12]} Qd7 {[%clk 0:00:22]} 36. f5 {[%clk 0:00:11]} Rg8
{[%clk 0:00:17]} 37. Nd1 {[%clk 0:00:07]} gxf5 {[%clk 0:00:16]} 38. exf5
{[%clk 0:00:09]} Rfg7 {[%clk 0:00:16]} 39. Nde3 {[%clk 0:00:05]} Bh3
{[%clk 0:00:09]} 40. Rg1 {[%clk 0:00:03]} Rxg3 {[%clk 0:00:09]} 41. Qe2
{[%clk 0:00:04]} Qg7 {[%clk 0:00:07]} 42. Qf2 {[%clk 0:00:05]} Bxg2
{[%clk 0:00:06]} 43. Nxg2 {[%clk 0:00:06]} Qg4 {[%clk 0:00:06]} 0-1

[Event "Team Championship (men blitz)"]
[Site "Sochi"]
[Date "2017.10.05"]
[Round "13.26"]
[White "Potkin, Vladimir"]
[Black "Murtazin, Ruslan"]
[Result "1/2-1/2"]
[LiveChessVersion "1.4.8"]
[BlackElo "2200"]
[WhiteElo "2497"]

1. d4 {[%clk 0:03:03]} Nf6 {[%clk 0:03:03]} 2. c4 {[%clk 0:03:03]} c5
{[%clk 0:03:03]} 3. Nf3 {[%clk 0:03:03]} cxd4 {[%clk 0:02:59]} 4. Nxd4
{[%clk 0:03:04]} g6 {[%clk 0:03:00]} 5. Nc3 {[%clk 0:03:05]} Bg7 {[%clk 0:03:01]}
6. e4 {[%clk 0:02:58]} d6 {[%clk 0:02:48]} 7. Be2 {[%clk 0:02:58]} O-O
{[%clk 0:02:48]} 8. O-O {[%clk 0:02:58]} Nc6 {[%clk 0:02:47]} 9. Be3
{[%clk 0:02:59]} Bd7 {[%clk 0:02:47]} 10. Qd2 {[%clk 0:02:55]} Nxd4
{[%clk 0:02:46]} 11. Bxd4 {[%clk 0:02:56]} Bc6 {[%clk 0:02:47]} 12. f3
{[%clk 0:02:56]} a5 {[%clk 0:02:46]} 13. Rac1 {[%clk 0:02:52]} Nd7
{[%clk 0:02:46]} 14. Be3 {[%clk 0:02:51]} Nc5 {[%clk 0:02:41]} 15. b3
{[%clk 0:02:50]} Be5 {[%clk 0:02:22]} 16. Rfd1 {[%clk 0:02:30]} e6
{[%clk 0:02:12]} 17. Nb5 {[%clk 0:02:08]} Qh4 {[%clk 0:01:56]} 18. g3
{[%clk 0:01:38]} Bxg3 {[%clk 0:01:38]} 19. hxg3 {[%clk 0:01:39]} Qxg3+
{[%clk 0:01:39]} 20. Kf1 {[%clk 0:01:40]} Qh3+ {[%clk 0:01:26]} 21. Kf2
{[%clk 0:01:25]} Qh2+ {[%clk 0:01:24]} 22. Kf1 {[%clk 0:01:25]} Qh3+
{[%clk 0:01:23]} 23. Kf2 {[%clk 0:01:06]} Qh2+ {[%clk 0:01:24]} 24. Kf1
{[%clk 0:01:07]} Qh3+ {[%clk 0:01:25]} 1/2-1/2

[Event "Team Championship (men blitz)"]
[Site "Sochi"]
[Date "2017.10.05"]
[Round "13.27"]
[White "Perov, German"]
[Black "Popov, Ivan"]
[Result "0-1"]
[LiveChessVersion "1.4.8"]
[BlackElo "2607"]
[WhiteElo "2152"]

1. e4 {[%clk 0:03:03]} c6 {[%clk 0:03:04]} 2. d4 {[%clk 0:03:04]} d5
{[%clk 0:03:05]} 3. exd5 {[%clk 0:03:05]} cxd5 {[%clk 0:03:06]} 4. c4
{[%clk 0:03:06]} Nf6 {[%clk 0:03:07]} 5. Nc3 {[%clk 0:03:07]} Nc6
{[%clk 0:03:07]} 6. Nf3 {[%clk 0:03:08]} g6 {[%clk 0:03:01]} 7. cxd5
{[%clk 0:02:52]} Nxd5 {[%clk 0:03:02]} 8. Bc4 {[%clk 0:02:53]} Nb6
{[%clk 0:02:57]} 9. Bb3 {[%clk 0:02:51]} Bg7 {[%clk 0:02:57]} 10. Be3
{[%clk 0:02:40]} O-O {[%clk 0:02:56]} 11. h3 {[%clk 0:02:41]} Na5
{[%clk 0:02:56]} 12. O-O {[%clk 0:02:36]} Nxb3 {[%clk 0:02:56]} 13. Qxb3
{[%clk 0:02:35]} Be6 {[%clk 0:02:49]} 14. Qc2 {[%clk 0:02:24]} Rc8
{[%clk 0:02:46]} 15. Rfd1 {[%clk 0:02:11]} Nd5 {[%clk 0:02:42]} 16. Bd2
{[%clk 0:02:04]} Qb6 {[%clk 0:02:11]} 17. Qe4 {[%clk 0:01:17]} Rfd8
{[%clk 0:02:10]} 18. Nxd5 {[%clk 0:01:13]} Bxd5 {[%clk 0:02:06]} 19. Qxe7
{[%clk 0:00:52]} Bxf3 {[%clk 0:02:06]} 20. gxf3 {[%clk 0:00:53]} Re8
{[%clk 0:01:28]} 21. Qb4 {[%clk 0:00:35]} Bxd4 {[%clk 0:01:19]} 22. Qxb6
{[%clk 0:00:36]} Bxb6 {[%clk 0:01:20]} 23. Bc3 {[%clk 0:00:37]} Re2
{[%clk 0:01:14]} 24. Rf1 {[%clk 0:00:29]} Rd8 {[%clk 0:01:04]} 25. Rae1
{[%clk 0:00:24]} Rde8 {[%clk 0:01:03]} 26. Rxe2 {[%clk 0:00:24]} Rxe2
{[%clk 0:01:04]} 27. Kg2 {[%clk 0:00:25]} f5 {[%clk 0:00:58]} 28. f4
{[%clk 0:00:19]} Kf7 {[%clk 0:00:55]} 29. Kf3 {[%clk 0:00:20]} Rc2
{[%clk 0:00:55]} 30. Kg3 {[%clk 0:00:12]} Bc5 {[%clk 0:00:51]} 31. f3
{[%clk 0:00:12]} b5 {[%clk 0:00:48]} 32. Rd1 {[%clk 0:00:08]} Bf2+
{[%clk 0:00:41]} 33. Kg2 {[%clk 0:00:07]} Be1+ {[%clk 0:00:36]} 34. Kf1
{[%clk 0:00:04]} Bxc3 {[%clk 0:00:37]} 35. bxc3 {[%clk 0:00:06]} Rxc3
{[%clk 0:00:37]} 36. Rd7+ {[%clk 0:00:07]} Ke6 {[%clk 0:00:37]} 37. Rxh7
{[%clk 0:00:00]} Ke5 0-1

[Event "Team Championship (men blitz)"]
[Site "Sochi"]
[Date "2017.10.05"]
[Round "13.28"]
[White "Motylev, Alexander"]
[Black "Bondareva, Daria"]
[Result "1-0"]
[LiveChessVersion "1.4.8"]
[BlackElo "1663"]
[WhiteElo "2551"]

1. e4 {[%clk 0:02:32]} e5 {[%clk 0:03:03]} 2. Nf3 {[%clk 0:02:33]} Nc6
{[%clk 0:03:05]} 3. Bb5 {[%clk 0:02:34]} a6 {[%clk 0:03:06]} 4. Ba4
{[%clk 0:02:35]} Nge7 {[%clk 0:03:07]} 5. c3 {[%clk 0:02:35]} g6 {[%clk 0:03:08]}
6. d4 {[%clk 0:02:36]} exd4 {[%clk 0:02:54]} 7. cxd4 {[%clk 0:02:37]} Bg7
{[%clk 0:02:43]} 8. d5 {[%clk 0:02:38]} Ne5 {[%clk 0:02:44]} 9. Nxe5
{[%clk 0:02:38]} Bxe5 {[%clk 0:02:44]} 10. O-O {[%clk 0:02:38]} O-O
{[%clk 0:02:18]} 11. f4 {[%clk 0:02:40]} Bg7 {[%clk 0:02:18]} 12. f5
{[%clk 0:02:41]} f6 {[%clk 0:01:50]} 13. d6 {[%clk 0:02:36]} cxd6
{[%clk 0:01:50]} 14. Qxd6 {[%clk 0:02:37]} b5 {[%clk 0:01:42]} 15. Bb3+
{[%clk 0:02:38]} Kh8 {[%clk 0:01:43]} 16. Be3 {[%clk 0:02:36]} Bb7
{[%clk 0:01:26]} 17. Nd2 {[%clk 0:02:34]} Nc8 {[%clk 0:01:18]} 18. Qg3
{[%clk 0:02:34]} Qe8 {[%clk 0:00:57]} 19. Rae1 {[%clk 0:02:27]} a5
{[%clk 0:00:33]} 20. fxg6 {[%clk 0:02:23]} Qxg6 {[%clk 0:00:28]} 21. Qxg6
{[%clk 0:02:22]} hxg6 {[%clk 0:00:30]} 22. Rf3 {[%clk 0:02:23]} d5
{[%clk 0:00:31]} 23. Bxd5 {[%clk 0:02:21]} Bxd5 {[%clk 0:00:32]} 24. exd5
{[%clk 0:02:22]} Rd8 {[%clk 0:00:21]} 25. Bf4 {[%clk 0:02:08]} Kg8 26. Rd3
{[%clk 0:02:04]} f5 {[%clk 0:00:14]} 27. Re6 {[%clk 0:01:48]} Kf7
{[%clk 0:00:11]} 28. Nf3 {[%clk 0:01:48]} Bf6 {[%clk 0:00:08]} 29. Rxf6+
{[%clk 0:01:48]} Kxf6 {[%clk 0:00:07]} 30. Bg5+ {[%clk 0:01:49]} Kf7
{[%clk 0:00:08]} 31. Bxd8 {[%clk 0:01:49]} Nd6 {[%clk 0:00:09]} 32. Bc7
{[%clk 0:01:48]} Nc4 {[%clk 0:00:10]} 33. b3 {[%clk 0:01:47]} Na3
{[%clk 0:00:06]} 34. d6 {[%clk 0:01:47]} Ke6 {[%clk 0:00:03]} 35. d7
{[%clk 0:01:47]} b4 {[%clk 0:00:03]} 36. d8=Q {[%clk 0:01:39]} Rxd8
{[%clk 0:00:04]} 37. Bxd8 {[%clk 0:01:39]} Kd5 1-0

[Event "Team Championship (men blitz)"]
[Site "Sochi"]
[Date "2017.10.05"]
[Round "13.29"]
[White "Chekletsov, Ilya"]
[Black "Khismatullin, Denis"]
[Result "0-1"]
[LiveChessVersion "1.4.8"]
[BlackElo "2660"]
[WhiteElo "2147"]

1. d4 {[%clk 0:03:02]} Nf6 {[%clk 0:02:49]} 2. c4 {[%clk 0:03:03]} e6
{[%clk 0:02:50]} 3. g3 {[%clk 0:03:04]} d5 {[%clk 0:02:51]} 4. Bg2
{[%clk 0:03:04]} dxc4 {[%clk 0:02:53]} 5. Nf3 {[%clk 0:03:02]} Bb4+
{[%clk 0:02:53]} 6. Bd2 {[%clk 0:03:00]} a5 {[%clk 0:02:54]} 7. O-O
{[%clk 0:02:38]} b6 {[%clk 0:02:55]} 8. a3 {[%clk 0:02:34]} Be7 {[%clk 0:02:49]}
9. Qc2 {[%clk 0:02:30]} O-O {[%clk 0:02:46]} 10. Bg5 {[%clk 0:02:22]} Bb7
{[%clk 0:02:38]} 11. Qxc4 {[%clk 0:02:17]} Nbd7 {[%clk 0:02:38]} 12. Nc3
{[%clk 0:02:06]} Rc8 {[%clk 0:02:24]} 13. Rad1 {[%clk 0:01:41]} Ne4
{[%clk 0:02:06]} 14. Bxe7 {[%clk 0:01:37]} Qxe7 {[%clk 0:02:07]} 15. Nxe4
{[%clk 0:00:55]} Bxe4 {[%clk 0:02:07]} 16. Nd2 {[%clk 0:00:52]} Bxg2
{[%clk 0:02:03]} 17. Kxg2 {[%clk 0:00:53]} Rfd8 {[%clk 0:01:34]} 18. Nf3
{[%clk 0:00:47]} h6 {[%clk 0:01:24]} 19. Qc6 {[%clk 0:00:43]} Nf6
{[%clk 0:01:15]} 20. Rc1 {[%clk 0:00:39]} Rd6 {[%clk 0:01:06]} 21. Qa4
{[%clk 0:00:39]} c6 {[%clk 0:00:48]} 22. Qb3 {[%clk 0:00:39]} Qb7
{[%clk 0:00:42]} 23. Kg1 {[%clk 0:00:36]} Rd5 {[%clk 0:00:41]} 24. Rfd1
{[%clk 0:00:35]} c5 {[%clk 0:00:29]} 25. dxc5 {[%clk 0:00:35]} Rcxc5
{[%clk 0:00:23]} 26. Rxc5 {[%clk 0:00:24]} Rxd1+ {[%clk 0:00:24]} 27. Qxd1
{[%clk 0:00:25]} bxc5 {[%clk 0:00:25]} 28. Qd8+ {[%clk 0:00:24]} Kh7
{[%clk 0:00:27]} 29. Qxa5 {[%clk 0:00:24]} Qxb2 {[%clk 0:00:26]} 30. Qxc5
{[%clk 0:00:25]} Qxe2 {[%clk 0:00:26]} 31. Nd4 {[%clk 0:00:15]} Qd1+
{[%clk 0:00:16]} 32. Kg2 {[%clk 0:00:15]} Ne4 {[%clk 0:00:17]} 33. Nf3
{[%clk 0:00:09]} Nxc5 {[%clk 0:00:16]} 0-1

[Event "Team Championship (men blitz)"]
[Site "Sochi"]
[Date "2017.10.05"]
[Round "13.30"]
[White "Pridorozhni, Aleksei"]
[Black "Shkurkin, Andrey"]
[Result "1-0"]
[LiveChessVersion "1.4.8"]
[BlackElo "2195"]
[WhiteElo "2671"]

1. e4 {[%clk 0:03:03]} c5 {[%clk 0:03:00]} 2. Nc3 {[%clk 0:03:03]} Nc6
{[%clk 0:03:01]} 3. Bb5 {[%clk 0:03:04]} Nd4 {[%clk 0:02:49]} 4. Nf3
{[%clk 0:03:05]} Nxb5 {[%clk 0:02:46]} 5. Nxb5 {[%clk 0:03:06]} g6
{[%clk 0:02:42]} 6. d4 {[%clk 0:03:07]} Qa5+ {[%clk 0:02:26]} 7. Nc3
{[%clk 0:03:07]} Bg7 {[%clk 0:02:23]} 8. dxc5 {[%clk 0:03:08]} Nf6
{[%clk 0:02:05]} 9. O-O {[%clk 0:03:07]} O-O {[%clk 0:02:04]} 10. Qd4
{[%clk 0:02:44]} Ng4 {[%clk 0:01:14]} 11. Qc4 {[%clk 0:02:44]} b5
{[%clk 0:01:07]} 12. Nxb5 {[%clk 0:02:35]} Ba6 {[%clk 0:01:04]} 13. a4
{[%clk 0:02:35]} Rab8 {[%clk 0:00:49]} 14. Ra3 {[%clk 0:02:28]} Rfc8
{[%clk 0:00:46]} 15. b4 {[%clk 0:02:06]} Bxb5 {[%clk 0:00:36]} 16. axb5
{[%clk 0:02:06]} Qxb5 {[%clk 0:00:35]} 17. Qxb5 {[%clk 0:02:07]} Rxb5
{[%clk 0:00:36]} 18. Bd2 {[%clk 0:02:07]} a5 {[%clk 0:00:32]} 19. c3
{[%clk 0:02:04]} axb4 {[%clk 0:00:25]} 20. cxb4 {[%clk 0:02:05]} Nf6
{[%clk 0:00:21]} 21. Re1 {[%clk 0:02:05]} d6 {[%clk 0:00:16]} 22. cxd6
{[%clk 0:02:00]} exd6 {[%clk 0:00:18]} 23. Ra5 {[%clk 0:01:47]} Rbb8
{[%clk 0:00:13]} 24. h3 {[%clk 0:01:43]} Nd7 {[%clk 0:00:08]} 25. Rd1
{[%clk 0:01:12]} Nb6 {[%clk 0:00:09]} 26. Ra7 {[%clk 0:00:53]} Nc4
{[%clk 0:00:07]} 27. Be1 {[%clk 0:00:44]} Re8 {[%clk 0:00:05]} 28. Rc7
{[%clk 0:00:44]} Rbc8 {[%clk 0:00:06]} 29. Rxc8 {[%clk 0:00:44]} Rxc8
{[%clk 0:00:07]} 30. Bd2 {[%clk 0:00:27]} Nxd2 {[%clk 0:00:05]} 31. Rxd2
{[%clk 0:00:28]} Rc1+ {[%clk 0:00:05]} 32. Kh2 {[%clk 0:00:29]} Be5+
{[%clk 0:00:04]} 33. Nxe5 {[%clk 0:00:29]} dxe5 {[%clk 0:00:06]} 34. Rb2
{[%clk 0:00:29]} Rc6 {[%clk 0:00:04]} 35. b5 {[%clk 0:00:29]} Rb6
{[%clk 0:00:05]} 36. Kg3 {[%clk 0:00:29]} Kg7 {[%clk 0:00:05]} 37. Kf3
{[%clk 0:00:27]} Kf6 {[%clk 0:00:06]} 38. Ke3 {[%clk 0:00:28]} Ke6
{[%clk 0:00:07]} 39. Kd3 {[%clk 0:00:29]} Kd6 {[%clk 0:00:06]} 40. Kc4
{[%clk 0:00:30]} Kc7 {[%clk 0:00:03]} 41. Ra2 {[%clk 0:00:27]} Rf6
{[%clk 0:00:04]} 42. f3 {[%clk 0:00:27]} h5 {[%clk 0:00:05]} 43. Ra7+
{[%clk 0:00:26]} Kb6 {[%clk 0:00:05]} 44. Re7 {[%clk 0:00:26]} g5
{[%clk 0:00:05]} 45. Rxe5 {[%clk 0:00:26]} g4 {[%clk 0:00:06]} 46. Rf5
{[%clk 0:00:18]} gxh3 {[%clk 0:00:04]} 47. Rxf6+ {[%clk 0:00:18]} Kb7
{[%clk 0:00:06]} 48. gxh3 {[%clk 0:00:19]} 1-0

[Event "Team Championship (men blitz)"]
[Site "Sochi"]
[Date "2017.10.05"]
[Round "13.31"]
[White "Berezovics, Alexander"]
[Black "Jakovenko, Dmitry"]
[Result "0-1"]
[LiveChessVersion "1.4.8"]
[BlackElo "2589"]
[WhiteElo "2212"]

1. d4 {[%clk 0:03:02]} Nf6 {[%clk 0:03:04]} 2. Nf3 e6 3. Bf4 {[%clk 0:03:02]} b6
{[%clk 0:03:05]} 4. e3 {[%clk 0:03:01]} Bb7 {[%clk 0:03:06]} 5. Nbd2
{[%clk 0:02:57]} Be7 {[%clk 0:03:05]} 6. h3 {[%clk 0:02:55]} c5 {[%clk 0:03:02]}
7. c3 {[%clk 0:02:55]} O-O {[%clk 0:03:00]} 8. Bd3 {[%clk 0:02:55]} d6
{[%clk 0:03:01]} 9. O-O {[%clk 0:02:41]} Nbd7 {[%clk 0:03:02]} 10. Bh2
{[%clk 0:02:31]} a6 {[%clk 0:03:01]} 11. a4 {[%clk 0:02:28]} cxd4
{[%clk 0:02:57]} 12. exd4 {[%clk 0:02:25]} Re8 {[%clk 0:02:56]} 13. Re1
{[%clk 0:02:23]} Nf8 {[%clk 0:02:56]} 14. Qe2 {[%clk 0:02:00]} Ng6
{[%clk 0:02:55]} 15. Nc4 {[%clk 0:01:53]} Nd5 {[%clk 0:02:52]} 16. Qd2
{[%clk 0:01:45]} Bf8 {[%clk 0:02:52]} 17. Ng5 {[%clk 0:01:04]} b5
{[%clk 0:02:45]} 18. axb5 {[%clk 0:01:00]} axb5 {[%clk 0:02:46]} 19. Ne3
{[%clk 0:00:59]} Qxg5 {[%clk 0:02:40]} 0-1

[Event "Team Championship (men blitz)"]
[Site "Sochi"]
[Date "2017.10.05"]
[Round "13.32"]
[White "Kabanov, Nikolai"]
[Black "Chekletsov, Egor"]
[Result "1-0"]
[LiveChessVersion "1.4.8"]
[BlackElo "1913"]
[WhiteElo "2380"]

1. Nc3 {[%clk 0:03:02]} Nf6 {[%clk 0:03:03]} 2. Nf3 {[%clk 0:03:03]} g6
{[%clk 0:03:03]} 3. e4 {[%clk 0:03:03]} d6 {[%clk 0:03:04]} 4. d4
{[%clk 0:03:04]} Bg7 {[%clk 0:03:05]} 5. Be2 {[%clk 0:03:05]} O-O
{[%clk 0:03:05]} 6. O-O {[%clk 0:03:05]} Nbd7 {[%clk 0:03:05]} 7. Be3
{[%clk 0:03:05]} c5 {[%clk 0:03:04]} 8. d5 {[%clk 0:03:01]} a6 {[%clk 0:03:02]}
9. a4 {[%clk 0:03:01]} b6 {[%clk 0:02:44]} 10. Nd2 {[%clk 0:03:00]} Rb8
{[%clk 0:02:41]} 11. f4 {[%clk 0:02:55]} Qc7 {[%clk 0:02:30]} 12. Kh1
{[%clk 0:02:53]} Bb7 {[%clk 0:02:02]} 13. Nc4 {[%clk 0:02:51]} Bc8
{[%clk 0:01:29]} 14. Bf3 {[%clk 0:02:43]} b5 {[%clk 0:01:27]} 15. axb5
{[%clk 0:02:43]} axb5 {[%clk 0:01:28]} 16. Na5 {[%clk 0:02:42]} b4
{[%clk 0:01:09]} 17. Ne2 {[%clk 0:02:37]} Bb7 {[%clk 0:00:52]} 18. Nc4
{[%clk 0:02:28]} Ra8 {[%clk 0:00:39]} 19. Qd2 {[%clk 0:02:17]} Rfd8 20. c3 bxc3
{[%clk 0:00:35]} 21. Nxc3 {[%clk 0:02:17]} Ba6 {[%clk 0:00:29]} 22. Be2
{[%clk 0:02:07]} Bxc4 {[%clk 0:00:29]} 23. Bxc4 {[%clk 0:02:08]} Nb6
{[%clk 0:00:28]} 24. Bb5 {[%clk 0:02:08]} Nfd7 {[%clk 0:00:18]} 25. Bc6
{[%clk 0:02:04]} Rxa1 {[%clk 0:00:19]} 26. Rxa1 {[%clk 0:02:05]} Nb8
{[%clk 0:00:17]} 27. Bb5 {[%clk 0:02:04]} N8d7 {[%clk 0:00:16]} 28. Bc6
{[%clk 0:01:52]} Nb8 {[%clk 0:00:16]} 29. Nb5 {[%clk 0:01:48]} Qc8
{[%clk 0:00:18]} 30. Na7 {[%clk 0:01:28]} Qc7 {[%clk 0:00:19]} 31. Bb5
{[%clk 0:01:29]} N8d7 {[%clk 0:00:13]} 32. Nc6 {[%clk 0:01:29]} Ra8
{[%clk 0:00:14]} 33. Rxa8+ {[%clk 0:01:27]} Nxa8 {[%clk 0:00:14]} 34. Nxe7+
{[%clk 0:01:27]} Kf8 {[%clk 0:00:16]} 35. Nc6 {[%clk 0:01:26]} Nab6
{[%clk 0:00:10]} 36. h3 {[%clk 0:01:26]} h5 {[%clk 0:00:10]} 37. Qc2
{[%clk 0:01:21]} Qb7 {[%clk 0:00:09]} 38. Qb3 {[%clk 0:01:21]} Qa8
{[%clk 0:00:07]} 39. Qa3 {[%clk 0:01:20]} Qb7 {[%clk 0:00:07]} 40. b3
{[%clk 0:01:19]} Qa8 {[%clk 0:00:06]} 41. Qxa8+ {[%clk 0:01:19]} Nxa8
{[%clk 0:00:07]} 42. Bd2 {[%clk 0:01:08]} Nab6 {[%clk 0:00:08]} 43. Ba5
{[%clk 0:01:08]} Bd4 {[%clk 0:00:05]} 44. g3 {[%clk 0:01:07]} Kg7
{[%clk 0:00:06]} 45. Kg2 {[%clk 0:01:08]} Kf6 {[%clk 0:00:06]} 46. Kf3
{[%clk 0:01:09]} g5 {[%clk 0:00:07]} 47. fxg5+ {[%clk 0:01:08]} Kxg5
{[%clk 0:00:08]} 48. Bd2+ {[%clk 0:01:03]} Kf6 {[%clk 0:00:07]} 49. Bf4
{[%clk 0:01:04]} Ne5+ {[%clk 0:00:06]} 50. Nxe5 {[%clk 0:01:04]} Bxe5
{[%clk 0:00:07]} 51. Be3 {[%clk 0:01:01]} Nc8 {[%clk 0:00:05]} 52. g4
{[%clk 0:01:01]} hxg4+ {[%clk 0:00:06]} 53. Kxg4 {[%clk 0:01:02]} Ne7
{[%clk 0:00:06]} 54. Bg5+ {[%clk 0:01:02]} Kg6 {[%clk 0:00:04]} 55. Bxe7
{[%clk 0:01:02]} 1-0